[Event "Tamil Nadu IM 15th"]
[Site "Chennai"]
[Date "2024.01.24"]
[Round "3"]
[White "Nihal, Swarna"]
[Black "Sitnikov, Anton"]
[Result "0-1"]
[WhiteElo "2131"]
[BlackElo "2356"]
[PlyCount "78"]
[EventDate "2024.01.23"]
[EventType "tourn"]
[EventRounds "9"]
[EventCountry "IND"]
[EventCategory "1"]
[SourceTitle "CB05_2024"]
[SourceDate "2024.01.31"]
[SourceVersion "1"]
[SourceVersionDate "2024.01.31"]
[SourceQuality "1"]

1. d4 d6 2. c4 Nd7 3. Nc3 e5 4. Nf3 g6 5. e4 Bg7 6. Be2 Nh6 7. h3 0-0 8. Be3 f6 9. Qd2 Nf7 10. g4 c6 11. h4 Nb6 12. dxe5 Bxg4 13. exf6 Qxf6 14. Bd4 Qe6 15. Bxg7 Bxf3 16. Bxf3 Kxg7 17. b3 d5 18. c5 Qf6 19. 0-0-0 Nd7 20. Qd4 Qxd4 21. Rxd4 Nfe5 22. Be2 Nxc5 23. exd5 Rxf2 24. dxc6 Nxc6 25. Rd5 b6 26. h5 Rd8 27. Rxd8 Nxd8 28. Kd2 Nc6 29. Ke3 Rf5 30. hxg6 hxg6 31. Rd1 g5 32. Bf3 Ne5 33. Be4 Ng4+ 34. Kd4 Rf4 35. Rg1 Kf7 36. b4 Nxe4 37. Nxe4 Nf6 38. Re1 Kg6 39. a4 Kf5 0-1

[Event "Budapest FS12 IM"]
[Site "Budapest"]
[Date "2023.12.02"]
[Round "1"]
[White "Nihal, Swarna"]
[Black "Balint, Vilmos"]
[Result "0-1"]
[WhiteElo "2105"]
[BlackElo "2223"]
[PlyCount "86"]
[EventDate "2023.12.02"]
[EventType "tourn"]
[EventRounds "9"]
[EventCountry "HUN"]
[SourceTitle "CB51_2023"]
[SourceDate "2023.12.20"]
[SourceVersion "1"]
[SourceVersionDate "2023.12.20"]
[SourceQuality "1"]

1. d4 e6 2. c4 b6 3. a3 f5 4. e4 fxe4 5. Qh5+ g6 6. Qe5 Nf6 7. Be3 Bg7 8. Nc3 Bb7 9. Qg5 Nc6 10. Be2 Ne7 11. g4 h6 12. Qe5 d6 13. Qg3 Qd7 14. h4 0-0-0 15. Nh3 h5 16. gxh5 Nxh5 17. Bxh5 Rxh5 18. Nf4 Nf5 19. Qxg6 Rh6 20. Qg4 Bxd4 21. Kd2 Rf6 22. Rhf1 Rdf8 23. Ng6 Nxe3 24. fxe3 Rxf1 25. Nxf8 Bxc3+ 26. Kxc3 Rxf8 27. h5 d5 28. h6 e5 29. Qxd7+ Kxd7 30. Rg1 d4+ 31. exd4 Rf3+ 32. Kb4 a5+ 33. Kb5 exd4 34. Rg7+ Kd6 35. Rg6+ Ke5 36. Rg5+ Ke6 37. Rg6+ Kf5 38. Rg7 Rb3+ 39. Ka4 Rh3 40. Rxc7 Ba6 41. h7 e3 42. c5 e2 43. Re7 bxc5 0-1

[Event "IND-ch U19"]
[Site "Ahmedabad"]
[Date "2023.09.24"]
[Round "7"]
[White "Nihal, Swarna"]
[Black "Piyush, Kumar1111"]
[Result "1-0"]
[WhiteElo "1935"]
[BlackElo "1666"]
[PlyCount "57"]
[EventDate "2023.09.20"]
[EventType "swiss"]
[EventRounds "11"]
[EventCountry "IND"]
[SourceTitle "EXT 2024"]
[Source "ChessBase"]
[SourceDate "2023.10.10"]
[SourceVersion "1"]
[SourceVersionDate "2023.10.10"]
[SourceQuality "1"]

1. d4 d5 2. c4 c6 3. Nf3 Nf6 4. Nc3 e6 5. e3 a6 6. b3 Bb4 7. Bd2 0-0 8. Bd3 Nbd7 9. 0-0 Bd6 10. Qc2 dxc4 11. bxc4 e5 12. Rad1 Qe7 13. h3 Re8 14. Ng5 h6 15. Nge4 Nxe4 16. Nxe4 Bc7 17. d5 Nf6 18. a3 a5 19. d6 Bxd6 20. Nxd6 Qxd6 21. Bxa5 Qe7 22. Qc3 Nd7 23. Bf5 Ra6 24. Bc7 Rxa3 25. Qd2 Nb6 26. Bd6 Nxc4 27. Bxe7 Nxd2 28. Rxd2 Ra8 29. Bxc8 1-0

[Event "IND-ch U19"]
[Site "Ahmedabad"]
[Date "2023.09.22"]
[Round "4"]
[White "Mithiran, A."]
[Black "Nihal, Swarna"]
[Result "1-0"]
[WhiteElo "1727"]
[BlackElo "1935"]
[PlyCount "141"]
[EventDate "2023.09.20"]
[EventType "swiss"]
[EventRounds "11"]
[EventCountry "IND"]
[SourceTitle "EXT 2024"]
[Source "ChessBase"]
[SourceDate "2023.10.10"]
[SourceVersion "1"]
[SourceVersionDate "2023.10.10"]
[SourceQuality "1"]

1. e4 c5 2. Nf3 g6 3. d4 cxd4 4. Nxd4 Nc6 5. Be3 Nf6 6. Nc3 Bg7 7. Bc4 0-0 8. Bb3 d6 9. f3 Bd7 10. Qd2 Nxd4 11. Bxd4 b5 12. 0-0-0 e6 13. e5 dxe5 14. Bxe5 b4 15. Na4 Qa5 16. Bxf6 Bxa4 17. Bxg7 Rfc8 18. Qh6 Bxb3 19. axb3 Qa1+ 20. Kd2 Rd8+ 21. Ke2 Qa6+ 22. Kf2 Qb6+ 23. Kg3 Qc7+ 24. f4 Qe7 25. Bd4 f6 26. Rhe1 Rd5 27. Qh4 Rf8 28. Qg4 Rfd8 29. Qxe6+ Qxe6 30. Rxe6 Rxd4 31. Rxd4 Rxd4 32. Rxf6 Rd2 33. Rc6 Kf7 34. Rc7+ Kf6 35. Rxa7 Rxc2 36. Rb7 Rxb2 37. Rxb4 Rc2 38. Rc4 Rb2 39. b4 Rb3+ 40. Kh4 Rb2 41. Kh3 g5 42. g3 gxf4 43. gxf4 Kf5 44. Kg3 Rb3+ 45. Kf2 h6 46. Kg2 Rb2+ 47. Kg3 Rb3+ 48. Kh4 Rd3 49. Rc6 Rb3 50. Rb6 Kxf4 51. b5 Kf5 52. Rxh6 Rb4+ 53. Kg3 Rb3+ 54. Kf2 Kg5 55. Rb6 Rb2+ 56. Ke3 Rxh2 57. Kd4 Kf5 58. Rd6 Rc2 59. b6 Rc1 60. Kd5 Rb1 61. Kc6 Ke5 62. Rd5+ Ke6 63. Rb5 Rc1+ 64. Rc5 Rxc5+ 65. Kxc5 Kd7 66. Kd5 Kd8 67. Kd6 Kc8 68. Kc6 Kb8 69. b7 Ka7 70. Kc7 Ka6 71. b8Q 1-0

[Event "Bhubaneswar op-A 14th"]
[Site "Bhubaneswar"]
[Date "2023.06.13"]
[Round "3"]
[White "Anubhab, Gupta"]
[Black "Nihal, Swarna"]
[Result "0-1"]
[WhiteElo "1649"]
[BlackElo "1717"]
[PlyCount "69"]
[EventDate "2023.06.11"]
[EventType "swiss"]
[EventRounds "10"]
[EventCountry "IND"]
[SourceTitle "CBM 214 Extra"]
[Source "ChessBase"]
[SourceDate "2023.07.31"]
[SourceVersion "1"]
[SourceVersionDate "2023.07.31"]
[SourceQuality "1"]

1. c4 c5 2. g3 g6 3. Bg2 Bg7 4. Nc3 Nc6 5. Nf3 e6 6. 0-0 Nge7 7. d4 cxd4 8. Nb5 d5 9. cxd5 Nxd5 10. Nfxd4 Nxd4 11. Nxd4 0-0 12. Nb3 a5 13. e4 Nb4 14. Qxd8 Rxd8 15. a3 Nc2 16. Rb1 a4 17. Nd2 Bd7 18. Rd1 Bb5 19. Bf1 Ra5 20. b4 axb3 21. Rxb3 Nd4 22. Rb1 Nf3+ 23. Kg2 Ba4 24. Nc4 Rxd1 25. Nxa5 Nd2 26. Bxd2 Rxb1 27. Bb4 Bd4 28. Be2 Rb2 29. Kf3 f5 30. exf5 gxf5 31. Be1 b6 32. Nc4 Bc6+ 33. Kf4 Rxe2 34. Bb4 Rxf2+ 35. Kg5 0-1